| 000 | 00670cab a2200241 4500 | ||
|---|---|---|---|
| 001 | ABS58990 | ||
| 008 | 090401t1998 xxu||||| |||| 00| 0 eng d | ||
| 035 | _a(Sirsi) u87568 | ||
| 041 | _aeng | ||
| 100 | _aAtkinson, D. | ||
| 245 | _aCalculation of losses | ||
| 260 | _c1998 | ||
| 350 | _a0 | ||
| 490 |
_aConstruction News _v(6574) 16 July 1998, 26(1) |
||
| 520 | _aConsiders the calculation of damages for overhead losses incurred in contract works. | ||
| 650 | _aCALCULATION | ||
| 650 | _aDAMAGES | ||
| 650 | _aNORWEST HOLST LTD V CWS | ||
| 650 | _aOVERHEADS | ||
| 690 | _aBUILT ENVIRONMENT-BUILDING CONTRACT FORMS | ||
| 942 | _n0 | ||
| 948 | _c22/07/1998 | ||
| 999 |
_c55251 _d55251 |
||